Bilecik Bilecik Bilecik Bilecik Bilecik

Yarınki Türkiye/ (Record no. 4029)

MARC details
000 -BAŞLIK
Sabit Uzunluktaki Kontrol Alanı 01036nam a22003377a 4500
001 - KONTROL NUMARASI
Control Dosyası 0004046
003 - KONTROL NUMARASI KİMLİĞİ
Kontrol Alanı KOHA_MİRAKIL
005 - EN SON İŞLEM TARİHİ ve ZAMANI
Kontrol Alanı 20260207001357.0
007 - FİZİKSEL TANIM SABİT ALAN - GENEL BİLGİ
Sabit uzunluklu kontrol alanı ta
008 - SABİT UZUNLUKTAKİ VERİ ÖGELERİ - GENEL BİLGİ
Sabit Alan 100712b1999 tu |||gr||||#0|||0|tur |
020 ## - ISBN - ULUSLARARASI STANDART KİTAP NUMARASI
Isbn 9757032239
040 ## - KATALOGLAMA KAYNAĞI
Özgün Kataloglama Kurumu TR-BiSEU
Kataloglama Dili tur
Çeviri Kurumu TR-BiSEU
Açıklama Kuralları rda
041 0# - DİL KODU
Metin ya da ses kaydının dil kodu tur
044 ## - YAYINLAYAN/ÜRETEN KURULUŞUN ÜLKE KODU
ISO country code tu
050 ## - SINIFLAMA ve YER NUMARASI
Sınıflama Numarası DR432
Yer Numarası .T67 1999
100 1# - KİŞİ ADI
Yazar Adı (Kişi adı) Topçu, Nurettin.
245 1# - ESER ADI BİLDİRİMİ
Başlık Yarınki Türkiye/
Sorumluluk Bildirimi Nurettin Topçu ; Nurettin Topçu; editör Ezel Erverdi, İsmail Kara.
264 #1 - ÜRERİM, YAYIN, DAĞITIM ve TELİF BİLDİRİMİ
Yayın yeri İstanbul :
Yayınlayan Dergah Yayınları
Yayın tarihi 1999
300 ## - FİZİKSEL TANIMLAMA
Sayfa, Cilt vb. 325 sayfa
336 ## - İÇERİK TÜRÜ
Content type term metin
Content type code txt
Source rdacontent
337 ## - MEDYA TÜRÜ
Media type term aracısız
Media type code n
Source rdamedia
338 ## - TAŞIYICI TÜRÜ
Carrier type term cilt
Carrier type code nc
Source rdacarrier
490 1# - DİZİ BİLDİRİMİ
Dizi Bildirimi Dergâh yayınları ;
Cilt Numarası 58.
490 1# - DİZİ BİLDİRİMİ
Dizi Bildirimi Çağdaş Türk düşüncesi ;
Cilt Numarası 8.
490 1# - DİZİ BİLDİRİMİ
Dizi Bildirimi Nurettin Topçu Külliyatı ;
Cilt Numarası 2.
830 1# - SERİ EK GİRİŞİ - TEKBİÇİM ESER ADI
Tekbiçim Başlık Dergâh yayınları ;
Volume number/sequential designation 58.
9 (RLIN) 7695
830 1# - SERİ EK GİRİŞİ - TEKBİÇİM ESER ADI
Tekbiçim Başlık Çağdaş Türk düşüncesi ;
Volume number/sequential designation 8.
9 (RLIN) 9789
830 1# - SERİ EK GİRİŞİ - TEKBİÇİM ESER ADI
Tekbiçim Başlık Nurettin Topçu Külliyatı ;
Volume number/sequential designation 2.
9 (RLIN) 9876
907 ## - LOCAL DATA ELEMENT G, LDG (RLIN)
a Tarih
942 ## - EK GİRİŞ ÖGELERİ (KOHA)
Source of classification or shelving scheme Library of Congress Classification
Koha item type Book
Holdings
Materyal Türü Kalıcı Konum Mevcut Konum Raf Yeri Sınıflandırma Kaynağı Edinim Bilgisi Ana Konular Alt Konular Yer Numarası Demirbaş Numarası Fatura Tarihi Maliyet, Alış Fiyatı Maliyet, Yenileme Fiyatı Geri Çekilme Durumu Kayıp Durumu Hasarlı Durumu Kredi için değil Kayıt Tarih Toplam Ödünçverme Son Görülme Tarihi Son Kontrol Tarihi Genel / Bağış Notu Cilt Bilgisi
Book BŞEÜ Gölpazarı MYO Kütüphanesi BŞEÜ Gölpazarı MYO Kütüphanesi   Library of Congress Classification Bağış DÜNYA TARİHİ (AVRUPA, ASYA, AFRİKA VB.) Balkan Yarımadası DR432 .T67 1999 0018352 02/02/2026 4.00 4.00         30/06/2010 1 21/05/2025 21/05/2025 Genel Bağış n.1
Book BŞEÜ Gölpazarı MYO Kütüphanesi BŞEÜ Gölpazarı MYO Kütüphanesi   Library of Congress Classification Bağış DÜNYA TARİHİ (AVRUPA, ASYA, AFRİKA VB.) Balkan Yarımadası DR432 .T67 1999 0019455 02/02/2026 4.00 4.00         12/07/2010 2 21/05/2025 21/05/2025 Genel Bağış  
Book Prof. Dr. Azmi Özcan Kütüphanesi Prof. Dr. Azmi Özcan Kütüphanesi Uluğbey Salonu Library of Congress Classification Bağış DÜNYA TARİHİ (AVRUPA, ASYA, AFRİKA VB.) Balkan Yarımadası DR432 .T67 1999 0004046 13/08/2010 4.00 4.00         20/04/2009 10 21/05/2025 21/05/2025 İİBF